Alcoolismo (Registo nº 200371)
[ vista simples ]
| 000 -Etiqueta do registo | |
|---|---|
| Valores | 00788nam 22002173 4500 |
| 010 ## - Número ISBN | |
| ISBN | 978-989-554-321-2 |
| 021 ## - Número do Depósito Legal | |
| Código do país | Portugal |
| Número | 264078/07 |
| 100 ## - Dados gerais de processamento | |
| Dados gerais | 20260204d u||y0pory50 ba |
| 200 ## - Titulo e menção de responsabilidade | |
| Título próprio | Alcoolismo |
| Primeira menção de responsabilidade | António Pacheco Palha |
| 210 ## - Publicação | |
| Local de publicação | Lisboa |
| Nome do editor | Quidnove |
| Data de publicação | D.L. 2007 |
| 215 ## - Descrição física | |
| Paginação / Volumes | 120 p. |
| Outras indicações físicas | il. ; brochado |
| Dimensões | 20 cm |
| 225 ## - Colecção | |
| Título próprio da colecção | O essencial da saúde |
| Informação de outro título | Coordenada pela Prof. Doutora Maria Amélia Ferreira, Dra Elizabete Loureiro, Centro de Educação Médica da FMUP |
| Indicação de volume | 11 |
| 300 ## - Notas gerais | |
| Texto da nota | . - com o apoio científico da Faculdade de Medicina da Universidade do Porto, Hospital de S. João, EPE |
| 606 ## - Nome comum usado como assunto | |
| ID Autoridade | 927 |
| Palavra de ordem | Medicina |
| 675 ## - CDU | |
| Notação | 61 |
| Edição | PT |
| Língua | por |
| 700 ## - Autor principal (pessoa individual) | |
| ID Autoridade | 16178 |
| Apelido | Palha |
| Nome | António Pacheco |
| 801 ## - Fonte de origem | |
| País | PT |
| Agência | BMMN |
| Regras de catalogação | RPC |
| 830 ## - Notas gerais do catalogador | |
| Criado por | Ana |
| Indexado por | Ana |
| 990 ## - Elementos KOHA | |
| Tipo de documento | Livro |
| Situação do levantamento | Biblioteca de origem | Código de barras | Cota | Permissão de empréstimo | Tipo de documento | Forma de aquisição |
|---|---|---|---|---|---|---|
| Biblioteca Municipal de Montemor-o-Novo | 29528 | 61 PAL|DEP | Livro | Compra |